توحید کے مسائل (Record no. 24210)
[ view plain ]
| 000 -LEADER | |
|---|---|
| fixed length control field | 00182nam a22000737a 4500 |
| 003 - CONTROL NUMBER IDENTIFIER | |
| control field | Nust |
| 005 - DATE AND TIME OF LATEST TRANSACTION | |
| control field | 20170526171545.0 |
| 008 - FIXED-LENGTH DATA ELEMENTS--GENERAL INFORMATION | |
| fixed length control field | 140509b xxu||||| |||| 00| 0 eng d |
| 020 ## - INTERNATIONAL STANDARD BOOK NUMBER | |
| Terms of availability | Available |
| 040 ## - CATALOGING SOURCE | |
| Original cataloging agency | DLC |
| Language of cataloging | DLC |
| Transcribing agency | RCMS |
| 082 ## - DEWEY DECIMAL CLASSIFICATION NUMBER | |
| Classification number | 297 KIA |
| 100 ## - MAIN ENTRY--PERSONAL NAME | |
| Personal name | M.Iqbal Kanil |
| 9 (RLIN) | 321 |
| 245 ## - TITLE STATEMENT | |
| Title | توحید کے مسائل |
| Statement of responsibility, etc. | M Iqbal KaniI |
| 260 ## - PUBLICATION, DISTRIBUTION, ETC. | |
| Place of publication, distribution, etc. | Lahore |
| Name of publisher, distributor, etc. | Shesh Mahel Road |
| 300 ## - PHYSICAL DESCRIPTION | |
| Extent | 120,p: |
| Other physical details | ill, |
| Dimensions | 25,cm. |
| 500 ## - GENERAL NOTE | |
| General note | Urdu Publication |
| 538 ## - SYSTEM DETAILS NOTE | |
| Display text | Shelf # 13, Row # 3, Fiction. |
| 650 ## - SUBJECT ADDED ENTRY--TOPICAL TERM | |
| Topical term or geographic name entry element | Islam |
| 9 (RLIN) | 174 |
| 856 ## - ELECTRONIC LOCATION AND ACCESS | |
| Materials specified | Table of Content Only |
| 942 ## - ADDED ENTRY ELEMENTS (KOHA) | |
| Source of classification or shelving scheme | |
| Koha item type | Fiction |
| Withdrawn status | Lost status | Source of classification or shelving scheme | Damaged status | Not for loan | Permanent Location | Current Location | Shelving location | Date acquired | Full call number | Barcode | Date last seen | Price effective from | Koha item type |
|---|---|---|---|---|---|---|---|---|---|---|---|---|---|
| NUST Baluchistan Campus (NBC) | NUST Baluchistan Campus (NBC) | Fiction | 05/09/2014 | 297KIA | RCMS000986 | 05/09/2014 | 05/09/2014 | Book |
